| 000 | 00789nam a2200241 a 4500 | ||
|---|---|---|---|
| 001 | 71374 | ||
| 003 | BD-RjUL | ||
| 005 | 20211209082115.0 | ||
| 008 | 170502s1974 bg ||||| |||| 00| f ben d | ||
| 020 | _c: Tk. 7.00 | ||
| 035 | _a(BD-RjUL)71590 | ||
| 040 |
_aBD-RjUL _bben _cBD-RjUL |
||
| 041 | _aben | ||
| 082 |
_223 _a891.443 _bAZK 1974 |
||
| 100 | 1 |
_aআজাদ, আলাউদ্দিন আল _9118580 |
|
| 245 | 1 | 0 |
_aকর্ণফুলী / _cআলাউদ্দিন আল আজাদ |
| 250 | _a২য় সং. | ||
| 260 |
_aঢাকা : _bমুক্তধারা, _c১৯৭৪ |
||
| 300 |
_a১৩২ পৃ. ; _c২১ সেমি. |
||
| 650 |
_aবাংলা উপন্যাস _9126550 |
||
| 650 |
_aBengali Fiction _9126551 |
||
| 942 |
_2ddc _cBK |
||
| 999 |
_c71374 _d71374 |
||